[Event "POL-chT3 Kujawsko-Pomorskie 2223"]
[Site "Poland"]
[Date "2023.??.??"]
[Round "4.38"]
[White "Zeglinski, Jakub"]
[Black "Piotrowski, Michal"]
[Result "1-0"]
[WhiteElo "1254"]
[BlackElo "1175"]
[PlyCount "105"]
[EventDate "2022.11.13"]
[EventType "team-swiss"]
[EventRounds "7"]
[EventCountry "POL"]
[SourceTitle "EXT 2024"]
[Source "ChessBase"]
[SourceDate "2023.10.10"]
[SourceVersion "1"]
[SourceVersionDate "2023.10.10"]
[SourceQuality "1"]

1. e4 e5 2. f4 d6 3. Nf3 Nc6 4. Bc4 Nf6 5. d3 Be7 6. 0-0 0-0 7. Nc3 Be6 8. Bxe6 fxe6 9. fxe5 dxe5 10. Kh1 Bd6 11. Bg5 Be7 12. Qd2 h6 13. Bxh6 Ng4 14. Be3 Nxe3 15. Qxe3 Bf6 16. Rf2 Nd4 17. Raf1 Qe7 18. Qd2 a6 19. Ne2 Nxf3 20. Rxf3 Rf7 21. Ng3 Raf8 22. Nh5 Bg5 23. Rxf7 Bxd2 24. Rxf8+ Qxf8 25. Rxf8+ Kxf8 26. Kg1 g6 27. Nf6 Ke7 28. Ng4 Kd6 29. Kf2 Bc1 30. b3 Bb2 31. Ke2 Bc3 32. Ne3 Kc5 33. Nd1 Kd4 34. Nxc3 Kxc3 35. Kd1 Kd4 36. Kd2 Kc5 37. h4 Kd6 38. Ke3 Ke7 39. Kf3 Kf6 40. Kg4 c5 41. a4 b5 42. axb5 axb5 43. c3 Kg7 44. Kg5 Kf7 45. Kh6 Kf6 46. g4 b4 47. c4 Kf7 48. g5 Kf8 49. Kxg6 Kg8 50. h5 Kh8 51. Kf7 Kh7 52. g6+ Kh6 53. g7 1-0